[Event "TCh-CZE Extraliga 2023-24"]
[Site "Czech Republic CZE"]
[Date "2024.01.06"]
[Round "3.2"]
[White "Navara, D."]
[Black "Nabaty, T."]
[Result "0-1"]
[WhiteElo "2689"]
[BlackElo "2632"]
[PlyCount "68"]
[EventDate "2023.10.14"]
[WhiteTeam "1. Novoborsky SK"]
[BlackTeam "Vystaviste Lysa nad Labem"]

1. c4 e6 2. d4 d5 3. Nc3 Bb4 4. a3 Bxc3+ 5. bxc3 c5 6. e3 Ne7 7. Bd3 dxc4 8. Bxc4 Qc7 9. Ba2 b6 10. Ne2 Bb7 11. O-O Nd7 $146 ({RR} 11... O-O 12. Bb2 Nd7 13. Qd3 Nf6 14. f3 Rad8 15. e4 Ng6 16. Qe3 Ba6 17. Rfd1 Qc6 18. Bb3 Rd7 19. a4 Rfd8 20. Ng3 Qc7 21. a5 b5 22. Nh1 Nf4 23. g3 Ng6 24. Nf2 Ne8 25. Nd3 c4 26. Nc5 {Agdestein,S (2627)-Rahman,Z (2499) Caleta 2014 ½-½ (53)}) 12. f3 O-O 13. e4 Ng6 14. Bg5 Rac8 15. h4 cxd4 16. cxd4 Ba6 17. h5 Bxe2 18. Qxe2 Nf4 19. Qd1 Ng6 20. Qe2 Nf4 21. Qf2 h6 22. Be7 Rfe8 23. Bb4 Nf6 24. Rfc1 Qxc1+ 25. Rxc1 Rxc1+ 26. Kh2 Rec8 27. Bd2 R8c2 28. Bb3 Rb2 29. Qe3 N6xh5 30. d5 e5 31. g3 Nxg3 32. Kxg3 Rg1+ 33. Qxg1 Ne2+ 34. Kg4 Nxg1 0-1

[Event "Vladimir Dvorkovich Open"]
[Site "Aktobe KAZ"]
[Date "2024.06.02"]
[Round "9.1"]
[White "Sarana, A."]
[Black "Maghsoodloo, Parham"]
[Result "1/2-1/2"]
[WhiteElo "2706"]
[BlackElo "2732"]
[PlyCount "60"]
[EventDate "2024.05.25"]

1. d4 d5 2. c4 e6 3. Nc3 c6 4. cxd5 exd5 5. Bf4 Bd6 6. Bxd6 Qxd6 7. e3 ({RR} 7. Qb3 Ne7 8. e3 O-O 9. Nf3 b6 10. Rd1 Bg4 11. Be2 Nd7 12. O-O Nf5 13. Qc2 Qg6 14. Ne1 Bxe2 15. Nxe2 Ne7 16. Nd3 Rfd8 17. Rc1 Rac8 18. b4 Ra8 19. Qb3 Qd6 20. a4 Rdc8 21. Rc3 a5 {Zhao Jun (2600)-Xu,X (2577) Xinghua CHN 2022 ½-½ (81)}) 7... Nh6 8. Bd3 Bf5 $146 ({RR} 8... Nd7 9. Qc2 Nf6 10. h3 g6 11. g4 Nhg8 12. O-O-O Ne7 13. Nf3 Be6 14. Ne5 Nd7 15. f4 f6 16. Nxd7 Bxd7 17. Kb1 f5 18. g5 h5 19. Ne2 O-O 20. Ng1 Rfc8 21. Nf3 b6 22. Ne5 Be6 23. Rc1 {Lovrinovic,C (2062)-Froewis,G (2429) Austria AUT 2025 0-1 (40)}) 9. Nf3 Nd7 10. O-O O-O 11. Qc2 Bxd3 12. Qxd3 Qg6 13. Qxg6 hxg6 14. e4 dxe4 15. Nxe4 Nf6 16. Rfe1 Nxe4 17. Rxe4 Rfe8 18. Rae1 Rxe4 19. Rxe4 Kf8 20. Kf1 Rd8 21. Ke2 Nf5 22. Kd3 f6 23. h4 Kf7 24. g3 Nd6 25. Re2 Nf5 26. Re4 Nd6 27. Re2 Nf5 28. Re4 Nd6 29. Re2 Nf5 30. Re4 Nd6 1/2-1/2

[Event "Titled Tue 19th Mar Late"]
[Site "chess.com INT"]
[Date "2024.03.19"]
[Round "10"]
[White "Sarana, A."]
[Black "Nakamura, Hi"]
[Result "0-1"]
[WhiteElo "2699"]
[BlackElo "2789"]
[PlyCount "78"]
[EventDate "2024.03.19"]

1. d4 a6 2. c4 e6 3. Nc3 d5 4. cxd5 exd5 5. Nf3 c6 6. Bf4 Bd6 7. Bxd6 Qxd6 8. e3 Nf6 9. Bd3 O-O 10. h3 Nbd7 ({RR} 10... Be6 11. O-O Nbd7 12. Rc1 Rfe8 13. Bb1 g6 14. a3 Kg7 15. Ng5 h6 16. Nxe6+ Rxe6 17. Ne2 Rae8 18. Nf4 R6e7 19. g3 Nb6 20. Bd3 Ne4 21. Bxe4 Rxe4 22. a4 R8e7 23. b3 Nd7 24. Kg2 h5 25. Nd3 {Heyl,T (1926)-Marie,M (2193) Reykjavik ISL 2026 1-0 (53)}) 11. O-O Re8 12. Qc2 g6 $146 ({RR} 12... Nf8 13. Ne5 N6d7 14. f4 f6 15. Ng4 Nb6 16. Rf3 c5 17. Qf2 cxd4 18. exd4 Bxg4 19. hxg4 Rac8 20. g5 Ng6 21. Rf1 fxg5 22. fxg5 Rf8 23. Bxg6 hxg6 24. Qh4 Rxf3 25. Rxf3 Rf8 26. Rh3 Rf6 27. g4 {Warmerdam,M (2535)-Greget,M (1940) Villorba 2021 1-0 (31)}) ({RR} 12... Nf8 13. Rab1 Ng6 14. b4 Qe7 15. a4 Ne4 16. b5 axb5 17. axb5 Ng5 18. Nxg5 Qxg5 19. f4 Qf6 20. f5 Nh4 21. Nd1 Qg5 22. bxc6 bxc6 23. Kh2 g6 24. fxg6 hxg6 25. Qf2 Re7 26. Rb6 Bd7 27. Qg3 {Le,Q (2715)-Grachev,B (2680) Khanty-Mansiysk 2011 ½-½ (70)}) 13. Rac1 b6 14. Na4 Bb7 15. Qb3 Rab8 16. Rc2 a5 17. Rfc1 Ba8 18. a3 c5 19. Bb5 c4 20. Qa2 Bc6 21. Nc3 a4 22. Qb1 Bxb5 23. Nxb5 Qc6 24. Nc3 b5 25. Na2 Ne4 26. Re2 Re6 27. Nb4 Qd6 28. Qc2 Rbe8 29. Rce1 g5 30. Nd2 f5 31. Na2 g4 32. Nxe4 fxe4 33. hxg4 Nf6 34. g5 Ng4 35. g3 Rg6 36. Kg2 Rf8 37. Rh1 Rxf2+ 38. Kh3 Qe6 39. Kh4 Qf5 0-1

[Event "Titled Tue 2nd Apr Early"]
[Site "chess.com INT"]
[Date "2024.04.02"]
[Round "8"]
[White "Korobov, A."]
[Black "Duda, J."]
[Result "0-1"]
[WhiteElo "2651"]
[BlackElo "2731"]
[PlyCount "64"]
[EventDate "2024.04.02"]

1. c4 e6 2. Nc3 d5 3. d4 Be7 4. cxd5 exd5 5. Bf4 c6 6. e3 Bf5 7. Nge2 Nf6 8. Ng3 Bg6 9. h4 h6 ({RR} 9... h5 10. Bd3 Bxd3 11. Qxd3 g6 12. O-O-O Na6 13. f3 Bd6 14. Nge2 Bxf4 15. Nxf4 Qd6 16. g3 O-O-O 17. Rhe1 Rhe8 18. e4 dxe4 19. fxe4 Ng4 20. Qc4 Qd7 21. e5 Kb8 22. Ne4 Nc7 23. Nd6 Re7 24. Kb1 {Keymer,V (2717)-Fedoseev,V (2683) chess.com INT 2023 1-0 (71)}) 10. h5 ({RR} 10. Bd3 Bxd3 11. Qxd3 Na6 12. a3 Nc7 13. Bxc7 Qxc7 14. O-O-O O-O-O 15. Kb1 h5 16. Rc1 Kb8 17. Rc2 g6 18. Nge2 Ne8 19. g3 Qa5 20. Nc1 Nd6 21. Nb3 Qb6 22. Ka2 Nc4 23. Nd2 Nd6 24. Na4 Qb5 {Molina,R (2396)-Aaditya,D (2404) chess.com INT 2026 1-0 (80)}) 10... Bh7 11. Bd3 Bd6 ({RR} 11... Bxd3 12. Qxd3 Qb6 13. Nf5 Bf8 14. O-O-O Na6 15. e4 O-O-O 16. Qh3 Rd7 17. exd5 cxd5 18. Kb1 Ba3 19. Na4 {1-0 (19) Korobov,A (2651)-Florescu,C (2206) chess.com INT 2024}) 12. Bxh7 $146 ({RR} 12. Bxd6 Qxd6 13. Bxh7 Nxh7 14. Qg4 O-O 15. Qxg7+ Kxg7 16. Nf5+ Kh8 17. Nxd6 Nd7 18. O-O-O b6 19. Nf5 Rae8 20. g4 Re6 21. f3 Ng5 22. Rhf1 Kh7 23. Ne2 Nf6 24. Nf4 Ree8 25. Kb1 Rc8 26. Rc1 Rc7 {Kashlinskaya,A (2486)-Tomasi,E (1984) Monte Carlo 2019 1-0 (47)}) 12... Bxf4 13. exf4 Nxh7 14. Qe2+ Kf8 15. O-O-O Nf6 16. Nf5 Na6 17. g4 Nc7 18. g5 hxg5 19. fxg5 Ne4 20. Rdg1 Nxg5 21. Nxg7 Qf6 22. Qe3 Nf3 23. Rg3 Nxd4 24. h6 Nce6 25. Rh5 Qf4 26. Kd2 Rd8 27. Re5 Qxh6 28. Nxe6+ Nxe6 29. Ne2 Qxe3+ 30. Rexe3 Rh2 31. Ref3 Nc5 32. Ke3 Re8+ 0-1

[Event "Titled Tue 27th Feb Late"]
[Site "chess.com INT"]
[Date "2024.02.27"]
[Round "7"]
[White "Wagner, De"]
[Black "Svane, R."]
[Result "0-1"]
[WhiteElo "2614"]
[BlackElo "2632"]
[PlyCount "50"]
[EventDate "2024.02.27"]

1. d4 d5 2. c4 e6 3. Nc3 h6 4. cxd5 exd5 5. Bf4 Nf6 6. e3 Bd6 7. Bxd6 Qxd6 8. Bd3 O-O 9. Nge2 b6 ({RR} 9... Re8 10. O-O c6 11. Ng3 a5 12. Re1 Na6 13. Qd2 Bd7 14. Rad1 Nc7 15. Na4 Qb4 16. Qc2 Ne6 17. a3 Qd6 18. Nb6 Ra7 19. Nf5 Qc7 20. Nxd7 Qxd7 21. f3 h5 22. Qf2 g6 23. Qg3 Qc7 24. Qh4 {Yu Yangyi (2714)-Lu Shanglei (2647) Huairou District CHN 2025 ½-½ (31)}) 10. O-O ({RR} 10. Rc1 c5 11. b3 Bg4 12. h3 Bxe2 13. Bxe2 cxd4 14. Qxd4 Nc6 15. Nb5 Nxd4 16. Nxd6 Rfd8 17. exd4 Rxd6 18. O-O Re6 19. Bf3 Re7 20. Rfe1 Rxe1+ 21. Rxe1 Kf8 22. Rc1 Re8 23. h4 g6 24. g3 Re7 {Bluebaum,M (2670)-Svane,R (2631) chess.com INT 2023 1-0 (58)}) 10... c5 11. Qd2 ({RR} 11. dxc5 bxc5 12. Rc1 Nbd7 13. Ng3 Ne5 14. Be2 Rd8 15. Qa4 Qb6 16. Qa3 Bd7 17. f4 Ng6 18. Bf3 Ne7 19. Rfd1 Bc6 20. Nce2 Nd7 21. Bg4 Rac8 22. Kh1 Bb7 23. Nc3 Bc6 24. Nce2 Rc7 25. Rd2 Nf6 {Lazavik,D (2605)-Yu Yangyi (2717) chess.com INT 2026 ½-½ (36)}) 11... Re8 $146 ({RR} 11... Bb7 12. b3 Nbd7 13. Bf5 Rfe8 14. Rad1 Rad8 15. Rfe1 Nf8 16. Nf4 g6 17. Bb1 Ne6 18. Nxe6 Qxe6 19. dxc5 bxc5 20. Na4 Qc6 21. f3 d4 22. exd4 Rxd4 23. Qxh6 Re2 24. Qg5 Rg4 25. Rd8+ Kg7 26. Qxf6+ {Sarana,A (2668)-Makridis,D (2372) chess.com INT 2022 0-1 (37)}) 12. Rad1 Bb7 13. Bb1 Nbd7 14. Ng3 Rad8 15. Rfe1 a6 16. Qc2 g6 17. a3 Qc7 18. dxc5 bxc5 19. Ba2 Ne5 20. Nce2 Kg7 21. Nf4 Qb6 22. b4 cxb4 23. axb4 d4 24. exd4 Rxd4 25. Qc3 Rxf4 0-1

[Event "Titled Tue 5th Mar Late"]
[Site "chess.com INT"]
[Date "2024.03.05"]
[Round "4"]
[White "Shtembuliak, E."]
[Black "Duda, J."]
[Result "0-1"]
[WhiteElo "2620"]
[BlackElo "2731"]
[PlyCount "98"]
[EventDate "2024.03.05"]

1. c4 e6 2. Nc3 d5 3. d4 Be7 4. cxd5 exd5 5. Bf4 c6 6. Qc2 Nf6 7. h3 O-O 8. e3 Re8 9. Bd3 Nbd7 10. Nf3 Nf8 11. O-O Ng6 12. Bh2 Bd6 13. Bxd6 Qxd6 14. Rab1 a5 15. a3 Bd7 16. Rfc1 Qe7 17. Na4 Ne4 18. Nb6 Rad8 19. Nxd7 Rxd7 $146 ({RR} 19... Qxd7 20. b4 axb4 21. axb4 Rc8 22. Bxe4 Rxe4 23. b5 Re6 24. Rb3 Ra8 25. Rc3 Rc8 26. Qf5 Ne7 27. Qb1 cxb5 28. Rxc8+ Nxc8 29. Rc5 Rb6 30. Qa2 Nd6 31. Ne5 Qe6 32. Qa5 Ne8 33. Qa8 f6 34. Rxd5 {Aronyak,G (2533)-Chitlange,S (2166) Hua Hin THA 2026 1-0 (41)}) 20. b4 axb4 21. axb4 Rd6 22. b5 Ng5 23. Qd1 Nxf3+ 24. Qxf3 Nh4 25. Qg3 Qf6 26. bxc6 bxc6 27. Rb7 Ng6 28. Bxg6 Qxg6 29. Qxg6 hxg6 30. Rc7 Ree6 31. Ra1 Rf6 32. h4 Kh7 33. Raa7 Kh6 34. Rxf7 Rxf7 35. Rxf7 c5 36. dxc5 Rc6 37. Rf8 Kh7 38. Rd8 Rxc5 39. g3 g5 40. hxg5 Kg6 41. Rd7 Ra5 42. Kg2 Rb5 43. f4 Rb3 44. Kf3 Rd3 45. g4 Kh7 46. f5 Rd1 47. f6 Kh8 48. Rxg7 d4 49. Rd7 Rf1+ 0-1

[Event "Titled Tue 13th Feb Late"]
[Site "chess.com INT"]
[Date "2024.02.13"]
[Round "10"]
[White "Bok, B."]
[Black "Anton Guijarro, D."]
[Result "1-0"]
[WhiteElo "2620"]
[BlackElo "2672"]
[PlyCount "115"]
[EventDate "2024.02.13"]

1. d4 d5 2. c4 e6 3. Nc3 c6 4. e3 Nd7 5. Qc2 Nh6 ({RR} 5... f5 6. cxd5 cxd5 7. Nf3 Bd6 8. Bd3 Ngf6 9. O-O O-O 10. b3 Ne4 11. Nb5 Bb8 12. Ba3 Rf6 13. Rac1 Nb6 14. Nc7 Bxc7 15. Qxc7 Qxc7 16. Rxc7 Rf7 17. Rfc1 Nf6 18. Rxf7 Kxf7 19. Ne5+ Kg8 20. f3 {Sheehan,E (2321)-Daneshvar,B (2597) chess.com INT 2026 1-0}) ({RR} 5... Bd6 6. Nf3 f5 7. cxd5 cxd5 8. Nb5 Bb8 9. Bd2 a6 10. Rc1 Ne7 11. Nc7+ Bxc7 12. Qxc7 Qxc7 13. Rxc7 Kd8 14. Rc2 Nc6 15. Bd3 Ke7 16. Ke2 Nf6 17. Ne5 Bd7 18. f3 Rhc8 19. Rhc1 Nxe5 20. dxe5 {Bok,B (2589)-Henriquez Villagra,C (2603) chess.com INT 2026 ½-½ (53)}) 6. Bd3 ({RR} 6. e4 e5 7. Nf3 exd4 8. Nxd4 dxc4 9. Nf3 b5 10. a4 Bb4 11. Be2 Nc5 12. Bxh6 gxh6 13. O-O O-O 14. axb5 Bxc3 15. Qxc3 cxb5 16. Qe5 Qb6 17. Rfd1 f6 18. Qf4 Bb7 19. Rd6 Qc7 20. Nd4 a6 {Bacrot,E (2718)-Grischuk,A (2810) Beijing 2014 0-1 (40)}) 6... Bd6 7. e4 $146 ({RR} 7. Bd2 dxc4 8. Bxc4 e5 9. Bd3 Qe7 10. Nge2 Ng4 11. h3 Ngf6 12. g4 Nb6 13. dxe5 Bxe5 14. e4 Nfd7 15. f4 Qh4+ 16. Kd1 O-O 17. Be1 Qe7 18. Bf2 Rd8 19. Ke1 Bd6 20. e5 Bxe5 21. fxe5 Nxe5 {Fedorowicz,J (2411)-Rieb,K (1965) Rancho Mirage 2022 1-0}) 7... dxc4 8. Bxc4 e5 9. Bxh6 gxh6 10. Nf3 exd4 11. Nxd4 Ne5 12. Bb3 Bc5 13. Nf5 Bxf5 14. exf5 Nd3+ 15. Kf1 Nxf2 16. Ne4 Nxe4 17. Qxe4+ Qe7 18. Re1 Qxe4 19. Rxe4+ Kf8 20. Ke2 Rg8 21. g3 Re8 22. Rxe8+ Kxe8 23. Rf1 Bd4 24. Rf4 Bxb2 25. Rh4 Rg5 26. Rxh6 Rxf5 27. Rxh7 a5 28. g4 Rf4 29. g5 Bd4 30. h4 b5 31. a4 Rf2+ 32. Kd1 Rf3 33. Bc2 Rf1+ 34. Ke2 Rh1 35. Be4 Rh2+ 36. Kd3 c5 37. axb5 a4 38. b6 a3 39. b7 Be5 40. Rh8+ Kd7 41. b8=Q Bxb8 42. Rxb8 Rh3+ 43. Kc4 Rxh4 44. Kd5 Rh5 45. Bf5+ Kc7 46. Ra8 Rxg5 47. Ke5 Kb6 48. Rxa3 Kb5 49. Rb3+ Kc4 50. Rb7 Kc3 51. Rxf7 c4 52. Rc7 Kb3 53. Kf4 Rxf5+ 54. Kxf5 c3 55. Ke4 c2 56. Kd3 Kb2 57. Rxc2+ Kb1 58. Kc3 1-0

[Event "Titled Tue 7th May Late"]
[Site "chess.com INT"]
[Date "2024.05.07"]
[Round "8"]
[White "Bluebaum, M."]
[Black "Nguyen Ngoc Truong Son"]
[Result "1-0"]
[WhiteElo "2647"]
[BlackElo "2633"]
[PlyCount "81"]
[EventDate "2024.05.07"]

1. d4 d5 2. c4 e6 3. Nc3 a6 4. e4 dxe4 5. Nxe4 Bb4+ 6. Nc3 c5 7. a3 Bxc3+ 8. bxc3 Nf6 9. Nf3 Nc6 10. Be2 O-O 11. O-O h6 12. Bf4 $146 ({RR} 12. Be3 cxd4 13. cxd4 Ne7 14. Bd3 b5 15. cxb5 axb5 16. Bxb5 Ba6 17. a4 Bxb5 18. axb5 Ned5 19. Qb3 Ne4 20. Ne5 Qc7 21. Nc6 Rxa1 22. Rxa1 Qb7 23. Ra7 Ra8 24. Rxa8+ Qxa8 25. h3 Nd6 26. Bxh6 Qa1+ {Bluebaum,M (2640)-Begmuratov,K (2416) chess.com INT 2024 0-1 (47)}) 12... b6 13. Rb1 Re8 14. h3 Bd7 15. Qb3 cxd4 16. cxd4 b5 17. cxb5 axb5 18. Bxb5 Na5 19. Qd3 Bxb5 20. Rxb5 Nc6 21. Rc1 Ne7 22. Ne5 Nf5 23. Rb7 Qxd4 24. Qf3 Qd5 25. Rcc7 Qxf3 26. Nxf3 Nd5 27. Rxf7 Nxf4 28. g4 Nd6 29. Rxg7+ Kf8 30. Rbd7 Red8 31. Ne5 Rxd7 32. Rxd7 Ra6 33. Kh2 Ke8 34. Rh7 Rxa3 35. Rxh6 Ne4 36. Rh8+ Ke7 37. Rh7+ Kf8 38. Rf7+ Ke8 39. Rxf4 Ng5 40. f3 Ke7 41. h4 1-0

[Event "Chess.com Play-In Match Div 1"]
[Site "chess.com INT"]
[Date "2024.05.09"]
[Round "2.1"]
[White "Sarana, A."]
[Black "So, W."]
[Result "1/2-1/2"]
[WhiteElo "2706"]
[BlackElo "2757"]
[PlyCount "279"]
[EventDate "2024.05.09"]
[EventType "k.o."]

1. d4 d5 2. c4 e6 3. Nc3 Be7 4. Nf3 Nf6 5. Bg5 h6 6. Bxf6 Bxf6 7. e3 O-O 8. Rc1 dxc4 ({RR} 8... c6 9. Bd3 Nd7 10. O-O dxc4 11. Bxc4 {½-½ (16) Drasko,M (2505)-Damljanovic,B (2530) Yugoslavia 1989}) 9. Bxc4 Nd7 10. O-O c5 11. Ne4 cxd4 12. Nxd4 Nb6 13. Bb3 Bxd4 14. Qxd4 Qxd4 15. exd4 Bd7 16. Rfd1 $146 Bc6 17. f3 Rfd8 18. Kf2 a5 19. a3 Kf8 20. Ke3 Bd5 21. Bxd5 Nxd5+ 22. Kf2 Rac8 23. g3 Ke7 24. Ke2 h5 25. h4 f6 26. Rxc8 Rxc8 27. Kd3 Rc6 28. Nc5 Rb6 29. Rd2 Kf7 30. Re2 Ne7 31. g4 Ng6 32. Rh2 Nf4+ 33. Ke4 Nd5 34. gxh5 f5+ 35. Ke5 Ne7 36. Rd2 Nc6+ 37. Kf4 Rb5 38. Kg5 b6 39. a4 Rb4 40. Nxe6 Rxa4 41. Kxf5 Ne7+ 42. Ke5 Ra1 43. Ng5+ Ke8 44. d5 Kd7 45. d6 Re1+ 46. Ne4 Nc6+ 47. Kf5 Rh1 48. h6 gxh6 49. Nf6+ Kd8 50. Rg2 Kc8 51. Rg7 Kb8 52. Rc7 Nd4+ 53. Ke4 Nb5 54. Nd7+ Ka8 55. Nxb6+ Kb8 56. Nd7+ Ka8 57. Nb6+ Kb8 58. Rh7 Nxd6+ 59. Kd5 Nf5 60. Kc6 Nd4+ 61. Kc5 Nf5 62. Kb5 Rxh4 63. Ka6 Nd6 64. Rd7 Rd4 65. f4 a4 66. f5 Rd3 67. f6 a3 68. f7 Rf3 69. Rxd6 axb2 70. Rd1 Rxf7 71. Rb1 Rf2 72. Nc4 h5 73. Nxb2 Rf6+ 74. Kb5 Kc7 75. Nc4 Kd7 76. Rh1 Ke6 77. Kc5 Rf4 78. Ne3 Re4 79. Nc4 Rf4 80. Nb2 h4 81. Nd3 Re4 82. Nf2 Rf4 83. Nh3 Rg4 84. Rh2 Ra4 85. Rf2 Ke5 86. Re2+ Kf5 87. Rg2 Ra3 88. Nf2 Kf4 89. Rh2 Kg5 90. Kd4 Kf4 91. Rxh4+ Kg5 92. Rh2 Kf4 93. Nd3+ Kf5 94. Nc5 Ra1 95. Rf2+ Kg6 96. Ke5 Ra5 97. Rg2+ Kf7 98. Rf2+ Kg6 99. Rf6+ Kg5 100. Rc6 Kg4 101. Ke4 Kg5 102. Ne6+ Kg4 103. Nd4 Ra4 104. Rg6+ Kh5 105. Rg8 Kh6 106. Ke5 Kh5 107. Nc6 Kh4 108. Kf5 Kh3 109. Rg7 Kh4 110. Ne7 Ra5+ 111. Ke4 Ra4+ 112. Ke5 Ra5+ 113. Nd5 Kh3 114. Ke4 Kh4 115. Nc3 Kh3 116. Kf4 Ra8 117. Nd5 Ra4+ 118. Kf5 Ra5 119. Ke4 Kh4 120. Rg1 Ra4+ 121. Kf5 Ra5 122. Rd1 Kg3 123. Rd3+ Kf2 124. Ke5 Ra8 125. Rd2+ Kf3 126. Rb2 Re8+ 127. Kd4 Ra8 128. Rb3+ Kf2 129. Nf6 Ra4+ 130. Ke5 Ra8 131. Ne4+ Ke2 132. Ng3+ Kf2 133. Nf5 Ra4 134. Nd4 Ra8 135. Rb2+ Ke3 136. Rb3+ Kf2 137. Nc6 Re8+ 138. Kd4 Kg2 139. Re3 Rxe3 140. Kxe3 1/2-1/2

[Event "Chess.com Play-In Match Div 3"]
[Site "chess.com INT"]
[Date "2024.05.09"]
[Round "1.3"]
[White "Niemann, Hans Moke"]
[Black "Anton Guijarro, D."]
[Result "1-0"]
[WhiteElo "2689"]
[BlackElo "2670"]
[PlyCount "85"]
[EventDate "2024.05.09"]
[EventType "k.o."]

1. d4 d5 2. c4 e6 3. Nc3 Bb4 4. cxd5 exd5 5. Nf3 c6 6. Bg5 Ne7 ({RR} 6... Be7 7. Bxe7 Nxe7 8. e3 O-O 9. Bd3 Bf5 10. O-O Nd7 11. Re1 Nf6 12. a4 a5 13. b3 Re8 14. Ra2 Qb6 15. Rae2 Bxd3 16. Qxd3 Ng6 17. Nb1 Ne4 18. Nbd2 Re7 19. Qc2 Nf6 20. Rd1 Rae8 21. Nf1 {Tabatadze,E (2305)-Anton Guijarro,D (2657) chess.com INT 2026 ½-½ (73)}) 7. e3 h6 ({RR} 7... Nd7 8. Bd3 Nf8 9. O-O f6 10. Bf4 Nfg6 11. Bg3 Bxc3 12. bxc3 Bf5 13. c4 O-O 14. Rb1 Bxd3 15. Qxd3 Qd7 16. Rfc1 Rf7 17. Qb3 Nf5 18. cxd5 Qxd5 19. Qxd5 cxd5 20. Ne1 h5 21. Nd3 h4 22. Bc7 {Dreev,A (2606)-Maghsoodloo,P (2728) chess.com INT 2023 1-0 (74)}) 8. Bf4 $146 ({RR} 8. Bh4 Qa5 9. Qb3 Nf5 10. Bg3 Nxg3 11. hxg3 Nd7 12. Bd3 Nf6 13. a3 Bd6 14. Qc2 O-O 15. Nh4 Re8 16. Nf5 Bf8 17. Kf1 Bd7 18. Rd1 Qd8 19. Qe2 h5 20. Nh4 g6 21. Qc2 Ng4 22. Nxg6 fxg6 {Prokopchuk,E (2516)-Aleksandrov,A (2601) Moscow 2007 0-1}) 8... g5 9. Be5 O-O 10. Bd3 f6 11. Bg3 Bf5 12. h4 g4 13. Nh2 h5 14. f3 Bd6 15. Nf1 Re8 16. Qc2 Bxd3 17. Qxd3 Na6 18. O-O-O Nb4 19. Qd2 Nf5 20. Bxd6 Nxd6 21. a3 a5 22. fxg4 hxg4 23. Qf2 b5 24. Qf4 Ra7 25. Ng3 Nc4 26. Nf5 Kh8 27. axb4 axb4 28. Nb1 b3 29. Rd3 Re4 30. Qh6+ Rh7 31. Qg6 Re8 32. Qxg4 Rg8 33. Qe2 Qd7 34. Rf1 Qe6 35. Rxb3 Qe4 36. Qf3 Rxg2 37. Qxe4 dxe4 38. Rb4 Ra7 39. Rxc4 bxc4 40. Nd6 Rh7 41. Rf4 Re2 42. Nxc4 Rg7 43. Nbd2 1-0

[Event "Titled Tue 6th Dec Late"]
[Site "chess.com INT"]
[Date "2022.12.06"]
[Round "5"]
[White "Korobov, A."]
[Black "Andreikin, D."]
[Result "0-1"]
[WhiteElo "2662"]
[BlackElo "2729"]
[PlyCount "80"]
[EventDate "2022.12.06"]

1. d4 d5 2. c4 e6 3. Nc3 a6 4. cxd5 exd5 5. Bf4 Nf6 6. e3 c5 7. Nge2 Nc6 8. g3 Bg4 9. Bg2 cxd4 10. exd4 Be7 11. O-O O-O 12. h3 Be6 13. Be3 Rc8 14. Nf4 Na5 $146 ({RR} 14... Bb4 15. Rc1 Qd6 16. Nd3 Bxc3 17. Rxc3 Ne4 18. Rc1 Nb4 19. Nc5 Nxa2 20. Ra1 Nb4 21. Nxb7 Qd7 22. Nc5 Nxc5 23. dxc5 Rfd8 24. Qd2 Nc6 25. Rxa6 d4 26. Bf4 Bc4 27. Rfa1 Bxa6 28. Rxa6 Ne7 29. b4 {Tulchynskyi,F (2288)-Katsanis,V (2100) Novi Sad SRB 2024 ½-½ (37)}) 15. Re1 Qd7 16. Nxe6 fxe6 17. Re2 Nc4 18. Bf4 Nxb2 19. Qb3 Nd3 20. Bd2 Rc4 21. Nxd5 exd5 22. Qxd3 b5 23. Re5 Bd8 24. Rae1 Ne4 25. Bxe4 dxe4 26. R1xe4 Bf6 27. Bf4 Bxe5 28. Bxe5 Qxh3 29. Re1 Qf5 30. Qxf5 Rxf5 31. f4 Rc2 32. d5 Rh5 33. d6 Rhh2 34. Bd4 Rcg2+ 35. Kf1 Rd2 36. Re8+ Kf7 37. Re7+ Kg6 38. Rxg7+ Kf5 39. Rg5+ Ke4 40. Bg1 Rd1# 0-1

[Event "chess.com SpeedChess 2022"]
[Site "chess.com INT"]
[Date "2022.12.07"]
[Round "1.18"]
[White "Giri, A."]
[Black "Nihal, Sarin"]
[Result "0-1"]
[WhiteElo "2764"]
[BlackElo "2670"]
[PlyCount "160"]
[EventDate "2022.11.23"]
[EventType "k.o."]

1. d4 d5 2. c4 e6 3. Nc3 h6 4. cxd5 exd5 5. Bf4 c6 6. e3 Bf5 7. Bd3 Bxd3 8. Qxd3 Nf6 9. Nge2 Nbd7 10. O-O Be7 11. h3 O-O 12. Rad1 Re8 13. f3 $146 ({RR} 13. Bh2 Bf8 14. Qc2 a5 15. Nf4 Nb6 16. b3 Nc8 17. Nd3 Nd6 18. Ne5 Nde4 19. Ne2 Nd7 20. f3 Nd6 21. Qd2 Nxe5 22. Bxe5 a4 23. Rfe1 Qb6 24. Rb1 axb3 25. axb3 Ra3 26. Qc2 Rea8 27. Bg3 Ra2 {Baches Garcia,G (2322)-Nihal,S (2668) chess.com INT 2024 0-1 (41)}) 13... c5 14. dxc5 Nxc5 15. Qd2 Ne6 16. Be5 Nd7 17. Bg3 Nf6 18. Nxd5 Nxd5 19. Qxd5 Qb6 20. Qb3 Qxb3 21. axb3 Rac8 22. Nc3 Bf6 23. Ne4 Be7 24. Be5 Nc5 25. Nxc5 Bxc5 26. Bd4 Bxd4 27. exd4 Re3 28. Rfe1 Rxb3 29. Rd2 Kf8 30. d5 Rd8 31. d6 Rb6 32. Red1 Ke8 33. Re1+ Kf8 34. Red1 a5 35. Kh2 Ke8 36. Re1+ Kf8 37. Red1 g5 38. Kg3 Kg7 39. h4 Kf6 40. hxg5+ hxg5 41. f4 Rb3+ 42. Kg4 Rb4 43. g3 Rg8 44. Kf3 Rb3+ 45. Kf2 gxf4 46. gxf4 Kf5 47. d7 Rd8 48. Re1 Rh3 49. Kg2 Rhh8 50. Re5+ Kxf4 51. Rxa5 Rdg8+ 52. Kf1 Rh1+ 53. Ke2 Rh2+ 54. Kd3 Rxd2+ 55. Kxd2 Rd8 56. Rd5 Ke4 57. Rd3 Ke5 58. Ke3 Ke6 59. Ke4 Rxd7 60. Rb3 Kd6 61. Kd4 Kc6+ 62. Kc4 f5 63. Rf3 Rf7 64. Rf4 Kd6 65. Kd4 Ke6 66. Rf3 Rd7+ 67. Ke3 Ke5 68. Rf1 Rh7 69. Kd3 Rh3+ 70. Kc4 f4 71. b4 Ke4 72. Kc5 f3 73. Kb6 Rh7 74. b5 Ke3 75. Re1+ Kf2 76. Re8 Rg7 77. Rb8 Kg2 78. Rxb7 Rxb7+ 79. Kxb7 f2 80. b6 f1=Q 0-1

[Event "Titled Tue 11th Jun Late"]
[Site "chess.com INT"]
[Date "2024.06.11"]
[Round "8"]
[White "Nakamura, Hi"]
[Black "Svane, R."]
[Result "1-0"]
[WhiteElo "2794"]
[BlackElo "2633"]
[PlyCount "73"]
[EventDate "2024.06.11"]

1. d4 d5 2. c4 e6 3. Nc3 a6 4. cxd5 exd5 5. Bf4 Nf6 6. e3 Bd6 7. Bg3 O-O 8. Bd3 Re8 9. Qc2 ({RR} 9. Nf3 Bg4 10. Qc2 Bxf3 11. gxf3 c5 12. dxc5 Bxc5 13. O-O-O Nc6 14. Kb1 Nb4 15. Qb3 Nxd3 16. Rxd3 d4 17. exd4 Bd6 18. d5 b5 19. Rhd1 Rc8 20. Re3 Qb6 21. Ne4 Nxe4 22. fxe4 Rc4 23. e5 Bc5 {Olhovik,A (2275)-Kourkoulos Arditis,S (2583) chess.com INT 2026 1-0 (41)}) ({RR} 9. Nge2 c6 10. Qc2 Qe7 11. O-O Bg4 12. Bxd6 Qxd6 13. Ng3 h5 14. Rfe1 Nbd7 15. f3 Be6 16. Rad1 Rad8 17. Qf2 c5 18. Bb1 cxd4 19. Rxd4 Qb6 20. b3 Ne5 21. Nce2 Rd7 22. Nf4 Nc6 23. Rdd1 g6 {Quispe Arteaga,G (2404)-Svane,R (2627) chess.com INT 2025 0-1}) 9... Bxg3 ({RR} 9... Nc6 10. Be2 Nb4 11. Qb3 c5 12. Bxd6 Qxd6 13. dxc5 Qxc5 14. Nf3 Be6 15. Nd4 Nc6 16. Rd1 Nxd4 17. Rxd4 Ne4 18. Bf3 Rac8 19. O-O Nxc3 20. bxc3 b5 21. Rc1 Red8 22. Qd1 Rd7 23. h4 Qa3 24. Qd2 {Nakamura,H (2736)-Le,Q (2709) chess24.com INT 2021 ½-½ (93)}) 10. hxg3 h6 11. Nf3 Qd6 $146 ({RR} 11... c6 12. b4 Qd6 13. Rb1 Bg4 14. Ne5 Nbd7 15. f4 b6 16. O-O c5 17. bxc5 bxc5 18. Qd2 Rab8 19. Rxb8 Rxb8 20. Rb1 Rxb1+ 21. Bxb1 g6 22. dxc5 Qxc5 23. Qd4 h5 24. Bd3 Qc6 25. Nxd7 Bxd7 26. a4 {Ivanchuk,V (2625)-Samunenkov,I (2544) chess.com INT 2024 0-1 (50)}) 12. O-O-O Bg4 13. Bf5 Bxf3 14. gxf3 c5 15. dxc5 Qxc5 16. Nxd5 Qxc2+ 17. Bxc2 Nxd5 18. Rxd5 Nc6 19. a3 Ne5 20. f4 Ng4 21. Rf1 Nf6 22. Rd2 Rac8 23. Kd1 Rc5 24. Ke2 Kf8 25. Kf3 g5 26. Rfd1 Rec8 27. Bb1 Ke7 28. e4 gxf4 29. gxf4 R8c7 30. e5 Nd7 31. Rd6 f6 32. Bf5 Nf8 33. Rxf6 R7c6 34. Rdd6 Rxd6 35. Rxd6 Rb5 36. b4 a5 37. Bd3 1-0

[Event "Titled Tue 28th May Early"]
[Site "chess.com INT"]
[Date "2024.05.28"]
[Round "6"]
[White "Korobov, A."]
[Black "Nguyen Ngoc Truong Son"]
[Result "1-0"]
[WhiteElo "2651"]
[BlackElo "2633"]
[PlyCount "93"]
[EventDate "2024.05.28"]

1. c4 e6 2. Nc3 d5 3. d4 a6 4. cxd5 exd5 5. Bf4 Nf6 6. e3 Bd6 7. h3 Bxf4 8. exf4 O-O 9. Nf3 Re8+ 10. Be2 Nbd7 $146 ({RR} 10... Ne4 11. O-O Nc6 12. Bd3 Bf5 13. Ne5 Nxc3 14. bxc3 Bxd3 15. Qxd3 Qd6 16. g3 Rad8 17. Rfe1 g6 18. Rab1 b5 19. Kg2 Na5 20. f5 Nc4 21. fxg6 hxg6 22. Ng4 Kg7 23. Re2 Re4 24. Rbe1 Rxe2 25. Rxe2 {Peycheva,G (2255)-Bartel,M (2192) Chess.com INT 2020 1-0 (51)}) 11. O-O Nf8 12. Ne5 c6 13. Bd3 N6d7 14. Qd2 f6 15. Nf3 Nb6 16. f5 Nc4 17. Qc2 Nd6 18. Rfe1 Bd7 19. Na4 Qc7 20. Nc5 Rxe1+ 21. Rxe1 Re8 22. Rxe8 Bxe8 23. b4 a5 24. a3 axb4 25. axb4 b6 26. Na4 c5 27. Nxb6 c4 28. Nxd5 Qb7 29. Be4 Qb5 30. Nc7 Qxb4 31. Nxe8 Nxe8 32. Bd5+ Kh8 33. Bxc4 Nd6 34. Bd3 Qb8 35. Qc6 g6 36. fxg6 hxg6 37. Nh4 Kg7 38. Bxg6 Nxg6 39. Qd7+ Nf7 40. Nf5+ Kg8 41. Qe6 Qd8 42. Nh6+ Kg7 43. Nxf7 Qxd4 44. Nd6 Qa1+ 45. Kh2 Qe5+ 46. Qxe5 Nxe5 47. f4 1-0